Statistics for 'Easy Languages' Languages on Youtube (Map)

Click here to take the quiz!

General Stats

  • This quiz has been taken 32 times
    (18 since last reset)
  • The average score is 23 of 35

Answer Stats

Answer% Correct
German
100%
French
88%
Thai
88%
Turkish
88%
Chinese
82%
English
82%
Greek
82%
Italian
82%
Kurdish
82%
Spanish
82%
Catalan
76%
Vietnamese
76%
Welsh
76%
Cantonese
71%
Croatian
71%
Danish
71%
Japanese
71%
Kazakh
71%
Malay
71%
Russian
71%
Swahili
71%
Tagalog
71%
Hindi
65%
Ukrainian
65%
Dutch
59%
Egyptian Arabic
59%
Tunisian Arabic
59%
Miskito
47%
Sakha/Yakut
47%
Bahasa Indonesia
35%
Brazilian Portuguese
35%
Khoekhoegowab
29%
Mooré/More/Mossi
29%
Esperanto
24%
Oshivambo/Oshiwambo
18%

Score Distribution

Percentile by Number Answered

Percent of People with Each Score

Your Score History

You have not taken this quiz since the last reset